ا ر د و کا ا پنا عر و ض (Record no. 171088)

MARC details
000 -LEADER
fixed length control field 00630nam a22001937a 4500
005 - DATE AND TIME OF LATEST TRANSACTION
control field 20200106145814.0
010 ## - LCCN (DPL NO)
LC control number A-645656
020 ## - INTERNATIONAL STANDARD BOOK NUMBER
Terms of availability 30.00
International Standard Book Number -
035 ## - SYSTEM CONTROL NUMBER
System control number A-645656
037 ## - SOURCE OF ACQUISITION
Source of stock number/acquisition DBAD/PUB
Stock number -
082 ## - DEWEY DECIMAL CLASSIFICATION NUMBER
Classification number 808.044
100 ## - MAIN ENTRY--PERSONAL NAME
Personal name گیا ن چند جين
245 ## - TITLE STATEMENT
Title ا ر د و کا ا پنا عر و ض
Statement of responsibility, etc گیا ن چند جين
246 ## - VARYING FORM OF TITLE
Remainder of title Urdu Ka Apna Urooz (Urdu)
Title proper/short title by Prof. Gyan Chand Jain
260 ## - PUBLICATION, DISTRIBUTION, ETC. (IMPRINT)
Place of publication, distribution, etc N.Delhi
Name of publisher, distributor, etc Anjuman Taraqui Urdu (Hind)
Date of publication, distribution, etc 1990 ء
270 ## - ADDRESS
Address Urdu Ghar Rode Evenue,
City N.Delhi
Postal code 110002
Telephone number -
Fax number -
300 ## - PHYSICAL DESCRIPTION
Extent 96 ص
Dimensions 22 Cm(Hb)
942 ## - ADDED ENTRY ELEMENTS (KOHA)
Source of classification or shelving scheme Dewey Decimal Classification
Item type Urdu Bks
Classification part 808.044
Call number suffix ج ي ن
Holdings
Withdrawn status Lost status Not for loan Collection code Home library Current library Date acquired Source of acquisition Cost, normal purchase price Full call number Barcode Copy number Cost, replacement price Koha item type
      Non-fiction Central Library Central Library 06/01/2020 BPPD/Ven. 30.00 808.044 ج ي ن A-645656 1 30.00 Urdu Bks

© Delhi Public Library
Hit Counter
free hit counter